00574nam a22002057a 4500003000400000005001700004008004100021020001800062040002900080050002700109100003200136245004900168250001300217260005100230300001000281600002100291700002400312942001500336999001700351OSt20230302131944.0230302b |||||||| |||| 00| 0 eng d a0-521-38196-7 cChuka university library aSLB QP 31.2b.S35 1990 aNielsen knut Schimidt98386 aAnimal Physiology:Adaptation and enviroment/ a4th ed.. aNew York USAbCambridge University pressc1990 a602p. aphysiology98387 aDuke James .B98384 2lcccBKn0 c13710d13710